Kuvavisa: Pohjois-Amerikan suurimmat V:llä alkavat kaupungit - Statistics

Yleistilastot
  • Tätä visaa on pelattu 19 kertaa
  • Keskiarvotulos 4 / 16
Vastaustilastot
Kuvavisa Hint Vastaus % Oikein
🇨🇦 2 430 000 Vancouver
100%
🇺🇸 200 000 Vancouver
100%
🇺🇸 450 000 Virginia Beach
38%
🇲🇽 540 000 Veracruz
23%
🇨🇦 360 000 Victoria
23%
🇺🇸 120 000 Vallejo
15%
🇬🇹 430 000 Villa {Nueva}
15%
🇭🇳 80 000 Villanueva
15%
🇺🇸 100 000 Vista
15%
🇺🇸 140 000 Victorville
8%
🇲🇽 340 000 Villahermosa
8%
🇺🇸 100 000 Vacaville
0%
🇲🇽 70 000 Valle de {Santiago}
0%
🇬🇹 120 000 Villa {Canales}
0%
🇲🇽 150 000 Villa de {Álvarez} (Ciudad de Villa de {Álvarez})
0%
🇺🇸 140 000 Visalia
0%
Ehtoja vastaavia visoja ei löytynyt
Tulosjakauma
Jokaisen tuloksen saaneiden osuus
Persentiili vastausten määrän mukaan
Tuloshistoriasi
Et ole pelannut tätä visaa